000 00922cam a22002413a 4500
001 29502
003 PGUSA
005 20140828083634.0
008 090724s2009||||xxu|||||s|||||000 | eng d
040 _aPGUSA
_beng
042 _adc
050 4 _aG
245 1 0 _aLittle Masterpieces of Science :
_bExplorers
_h[electronic resource]
260 _bProject Gutenberg,
_c2009
505 0 _aColumbus discovers America / Winsor, J. -- Arrival at the Pacific ocean, 1805 / Lewis and Clarke -- The sources of the Mississippi, 1806 / Pike, Z. M. -- Manila in 1842 / Wilkes, C. -- The ascent of Mount Tyndall / King, C. -- The grand caƱon of the Colorado is explored / Powell, J. W.
506 _aPublic domain in the USA.
516 _aElectronic text
653 _aExplorers
700 1 _aIles, George,
_d1852-1942
830 0 _aProject Gutenberg
_v29502
856 4 0 _uhttp://www.gutenberg.org/ebooks/29502
942 _cEB
999 _c258757
_d258757